| 000 | 00994cab a2200229 4500 | ||
|---|---|---|---|
| 001 | WB2840-37 | ||
| 008 | 090401t1992 xxu||||| |||| 00| 0 eng d | ||
| 035 | _a(Sirsi) u39032 | ||
| 041 | _aeng | ||
| 245 | _aCoal mining forms | ||
| 260 | _c1992 | ||
| 350 | _a0 | ||
| 490 |
_aOyez Forms Information Service _vOctober 1992,1(1) |
||
| 520 | _aIn order to comply with the legislative changes introduced by the Coal Mining Subsidence Act 1991, Oyez has published a new edition of the Coal Mining Search Form (Con 29M) and the Coal Mining Directory and Guidance Notes. Also notes that all coal mining searches relating to property in the affected areas of England and Wales should be sent to British Coal Mining Reports at Bretby. Information enquiry line available on 0283-552298. | ||
| 650 | _aCOAL MINING SEARCHES | ||
| 650 | _aCOAL MINING SUBSIDENCE ACT 1991 | ||
| 650 | _aCONVEYANCING | ||
| 650 | _aSUBSIDENCE | ||
| 690 | _aMINING AND MINERALS | ||
| 942 | _n0 | ||
| 948 | _c04/03/1997 | ||
| 999 |
_c25026 _d25026 |
||